La Chambre d'à côté : Le décadrage absolu de Melville à Scorsese (notice n° 2192620)

détails MARC
000 -LEADER
fixed length control field 01614cam a2200133 4500500
005 - DATE AND TIME OF LATEST TRANSACTION
control field 20260405065019.0
041 ## - LANGUAGE CODE
Language code of text/sound track or separate title fre
042 ## - AUTHENTICATION CODE
Authentication code dc
100 10 - MAIN ENTRY--PERSONAL NAME
Personal name Gil, Marie
Relator term author
245 00 - TITLE STATEMENT
Title La Chambre d'à côté : Le décadrage absolu de Melville à Scorsese
260 ## - PUBLICATION, DISTRIBUTION, ETC.
Name of publisher, distributor, etc. Hermann,<br/>
Date of publication, distribution, etc. 2017.<br/>
520 ## - SUMMARY, ETC.
Summary, etc. La chambre d’à côté est ce lieu où se déroule véritablement le récit et qui, dans certaines œuvres, reste inaccessible au lecteur. Relégué dans l’ailleurs, décadré, celui-ci demeure, jusqu’à la fin de l’histoire, ignorant : « Qu’est-ce qu’il s’est passé ? », comme l’écrivait Deleuze à propos de James. Tel secret, tel personnage, existent-ils réellement ? Pourquoi me raconte-t-on cette histoire ? Dans ces récits, le lieu du sens seul est désigné. La chambre d’à côté, métaphore ou figure, n’a qu’une valeur indiciaire : ce qu’elle désigne, c’est une dualité fondamentale de l’espace du monde, entre un ici vide et un ailleurs inaccessible – mais un ailleurs qui porte l’essence de toutes choses. Or n’est-ce pas le Réel même, défini comme l’irreprésentable, qui est ainsi désigné ? Par cette figure du décadrage narratif, romanciers, cinéastes et peintres n’atteignent-ils pas l’essence de tout récit : signifier le réel véritable, qu’on appelle aussi l’immanence ? Ce serait paradoxalement par la désignation de l’ailleurs que l’on atteindrait l’essence véritable de ce qui est là.
856 41 - ELECTRONIC LOCATION AND ACCESS
Uniform Resource Identifier <a href="https://shs.cairn.info/la-chambre-d-a-cote--9782705694555?lang=fr&redirect-ssocas=7080">https://shs.cairn.info/la-chambre-d-a-cote--9782705694555?lang=fr&redirect-ssocas=7080</a>

Pas d'exemplaire disponible.

PLUDOC

PLUDOC est la plateforme unique et centralisée de gestion des bibliothèques physiques et numériques de Guinée administré par le CEDUST. Elle est la plus grande base de données de ressources documentaires pour les Étudiants, Enseignants chercheurs et Chercheurs de Guinée.

Adresse

627 919 101/664 919 101

25 boulevard du commerce
Kaloum, Conakry, Guinée

Réseaux sociaux

Powered by Netsen Group @ 2025